| 000 | 00522nam a22001697a 4500 | ||
|---|---|---|---|
| 003 | CEME | ||
| 005 | 20210628203538.0 | ||
| 008 | 210119b xxu||||| |||| 00| 0 eng d | ||
| 040 | _c. | ||
| 082 | _a297.63 MEH | ||
| 100 |
_aMehmood Ahmed Zafar . Hakeem _966157 |
||
| 245 | _aPagamber-e- islam (pbuh) aur bunyadee insanee hakook | ||
| 260 |
_aLAHORE _bISLAMIC PUBLICATIONS _c2007 |
||
| 300 | _a435P | ||
| 650 |
_aISLAM-PAGAMBER-E- ISLAM (PBUH) AUR BUNYADEE INSANEE HAKOOK.HUMAN RIGHTS IN ISLAM _966158 |
||
| 942 |
_cBK _2ddc |
||
| 999 |
_c574170 _d574170 |
||